000
00296nam a2200133Ia 4500
008
230312s9999||||xx |||||||||||||| ||und||
082
_a
615.1
_b
COO-T
100
_a
Cooper
245
0
_a
Tutorial Pharmacy
300
_a
469
546
_a
Eng.
650
_a
Pharmacy
_v
Tutorial Pharmacy
942
_c
BK
999
_c
5970
_d
5970